| 000 | 01350nam a22002537a 4500 | ||
|---|---|---|---|
| 005 | 20110913152830.0 | ||
| 008 | 110913t xxu||||| |||| 00| 0 mar d | ||
| 010 | _aMAR-21341 | ||
| 020 |
_c150.00 _a9788184982749 |
||
| 035 | _aMR-13999 | ||
| 037 | _bDBAD/PUB | ||
| 040 |
_aDPL _bMR |
||
| 082 | _a920 | ||
| 100 |
_934729 _aपिरामल,गीता |
||
| 245 |
_aस्मार्ट लीडरशिप : _cगीता पिरामल तथा जेनिफर नेतरवाला ; माधुरी शानभाग द्वारा अनुवादित _bभारतीय नेतृत्वाचा जागतिक चेहरा / |
||
| 246 |
_aSmart Leadership _bby Gita Piramal and Jennifer Netarwala |
||
| 260 |
_aपुणे _bमेहता पब्लिशिंग हाऊस _c2011 |
||
| 270 |
_bपुणे _a1941,सदाशिव पेठ,माडीवाले कॉलनी _e411030 |
||
| 300 |
_a176पृ. _c21सेमी(अजिल्द) |
||
| 700 |
_aनेतरवाला,जेनिफर _934788 |
||
| 700 |
_aशानभाग,माधुरी _934789 |
||
| 942 |
_2ddc _cMR _mपिराम _h920 |
||
| 999 |
_c56808 _d56808 |
||